LEADER 01076nam0-2200361---450- 001 990010012900403321 005 20160902123533.0 010 $a978-0-85729-735-8 035 $a001001290 035 $aFED01001001290 035 $a(Aleph)001001290FED01 035 $a001001290 100 $a20151109d2011----km-y0itay50------ba 101 0 $aeng 102 $aGB 105 $aa-------001yy 200 1 $aVehicle power management$emodeling, control and optimization$fXi Zhang, Chris Mi 210 $aLondon ; New York$cSpringer$dİ2011 215 $axiv, 346 p.$cill.$d24 cm 225 1 $aPower systems 610 0 $aAutomobili$aMotori$aSistemi di controllo 610 0 $aSistemi di controllo$aMotori 676 $a629.25 700 1$aZhang,$bXi$0696449 701 1$aMi,$bChris$0748188 801 0$aIT$bUNINA$gRICA$2UNIMARC 901 $aBK 912 $a990010012900403321 952 $a10 F I 302$bBIBLIODIETI 3/2015$fDINEL 952 $a10 F I 302B$bBIBLIODIETI66/2016$fDINEL 959 $aDINEL 996 $aVehicle power management$91495663 997 $aUNINA